Statistiques concernant Top 10 des objets les plus oubliés dans un Uber

Cliquez ici pour prendre le quiz!

Statistiques générales

  • Ce quiz a été pris 348 fois
  • Le résultat moyen est 6 sur 10

Statistiques - réponses

HintRéponse% Correct
1.Téléphone
98%
2.Portefeuille
75%
3.Clés
66%
8.Monnaie
57%
6.Écouteurs
53%
5.Lunettes
51%
7.Vêtement
44%
10.Carte d'identité
42%
9.Bijoux
38%
4.Valises
31%

Distribution des résultats

Percentile par nombre de réponses

% des personnes avec chaque résultat

Votre développement - résultats

Vous n’avez pas pris ce quiz